|
|
|
|
| LEADER |
01124nam a2200289 a 4500 |
| 001 |
15036093 |
| 008 |
110302s2008 nyua 001 0 eng d |
| 010 |
|
|
|a 2007041732
|
| 020 |
|
|
|a 9780071460514
|
| 020 |
|
|
|a 0071460519
|
| 040 |
|
|
|a DLC
|c DLC
|d QBX
|d BAKER
|d YDXCP
|d DLC
|d BD-DhAAL
|
| 082 |
0 |
0 |
|a 004/.076
|2 22
|
| 100 |
1 |
|
|a Reynolds, Carl,
|d 1948-
|
| 245 |
1 |
0 |
|a Schaum's outline of principles of computer science /
|c Carl Reynolds, Paul Tymann.
|
| 246 |
1 |
4 |
|a Schaum's outlines.
|p Principles of computer science
|
| 246 |
3 |
0 |
|a Principles of computer science
|
| 246 |
3 |
0 |
|a Computer science
|
| 260 |
|
|
|a New York :
|b McGraw-Hill,
|c c2008.
|
| 300 |
|
|
|a vii, 221 p. :
|b ill. ;
|c 28 cm.
|
| 490 |
0 |
|
|a Schaum's outline series
|
| 500 |
|
|
|a Includes index.
|
| 541 |
1 |
|
|e 00021992
|
| 650 |
|
0 |
|a Computer science
|v Problems, exercises, etc.
|
| 700 |
1 |
|
|a Tymann, Paul T.
|
| 852 |
4 |
|
|a Ayesha Abed Library
|j General shelf
|
| 999 |
|
|
|c 10502
|d 10502
|
| 952 |
|
|
|0 0
|1 0
|2 ddc
|4 0
|6 004_076000000000000_REY
|7 0
|9 14524
|a BRACUL
|b BRACUL
|c GEN
|d 2011-03-02
|e Karim International
|g 1368.00
|l 6
|m 31
|o 004.076 REY
|p 3010021992
|r 2024-01-25
|s 2024-01-22
|t 1
|w 2011-03-02
|y BK
|